<?xml version="1.0" encoding="UTF-8"?>
<record
    xmlns:xsi="http://www.w3.org/2001/XMLSchema-instance"
    xsi:schemaLocation="http://www.loc.gov/MARC21/slim http://www.loc.gov/standards/marcxml/schema/MARC21slim.xsd"
    xmlns="http://www.loc.gov/MARC21/slim">

  <leader>02099nam a2200361 i 4500</leader>
  <controlfield tag="003">DO-SdBNP</controlfield>
  <controlfield tag="005">20250930135154.0</controlfield>
  <controlfield tag="007">ta</controlfield>
  <controlfield tag="008">210216b2020    dr  |||gr|||| 00| jdspa d</controlfield>
  <datafield tag="020" ind1=" " ind2=" ">
    <subfield code="a">9789945613513</subfield>
  </datafield>
  <datafield tag="040" ind1=" " ind2=" ">
    <subfield code="a">DO-SdBNP</subfield>
    <subfield code="b">spa</subfield>
    <subfield code="c">BNPHU</subfield>
    <subfield code="e">rda</subfield>
  </datafield>
  <datafield tag="041" ind1=" " ind2=" ">
    <subfield code="a">spa</subfield>
  </datafield>
  <datafield tag="082" ind1=" " ind2="4">
    <subfield code="a">972.93</subfield>
    <subfield code="b">C343m</subfield>
    <subfield code="2">22</subfield>
  </datafield>
  <datafield tag="100" ind1="1" ind2=" ">
    <subfield code="a">Cass&#xE1;, Roberto, </subfield>
    <subfield code="d">1948-</subfield>
    <subfield code="e">autor</subfield>
    <subfield code="9">10888</subfield>
    <subfield code="4">aut.</subfield>
  </datafield>
  <datafield tag="245" ind1="1" ind2="0">
    <subfield code="a">Movimientos y memorias /</subfield>
    <subfield code="c">Roberto Cass&#xE1; ; pr&#xF3;logo, Eliades Acosta.</subfield>
  </datafield>
  <datafield tag="264" ind1=" " ind2=" ">
    <subfield code="a">Santo Domingo, Rep&#xFA;blica Dominicana :</subfield>
    <subfield code="b">Archivo General de la Naci&#xF3;n,</subfield>
    <subfield code="c">2020.</subfield>
  </datafield>
  <datafield tag="300" ind1=" " ind2=" ">
    <subfield code="a">458 p&#xE1;ginas ;</subfield>
    <subfield code="c">25 cm</subfield>
  </datafield>
  <datafield tag="336" ind1=" " ind2=" ">
    <subfield code="a">texto</subfield>
    <subfield code="b">txt</subfield>
    <subfield code="2">rdacontent </subfield>
  </datafield>
  <datafield tag="337" ind1=" " ind2=" ">
    <subfield code="a">sin mediaci&#xF3;n </subfield>
    <subfield code="b">n</subfield>
    <subfield code="2">rdamedia </subfield>
  </datafield>
  <datafield tag="338" ind1=" " ind2=" ">
    <subfield code="a">volumen  </subfield>
    <subfield code="b">nc</subfield>
    <subfield code="2">rdacarrier </subfield>
  </datafield>
  <datafield tag="490" ind1=" " ind2=" ">
    <subfield code="a">Archivo General de la Naci&#xF3;n ;</subfield>
    <subfield code="v">383</subfield>
  </datafield>
  <datafield tag="500" ind1=" " ind2=" ">
    <subfield code="a">Incluye &#xED;ndice onom&#xE1;stico.</subfield>
  </datafield>
  <datafield tag="500" ind1=" " ind2=" ">
    <subfield code="a">Incluye referencias bibliogr&#xE1;fica y notas al pi&#xE9; de las p&#xE1;ginas.</subfield>
  </datafield>
  <datafield tag="504" ind1=" " ind2=" ">
    <subfield code="a">Bibliograf&#xED;a : p. 420</subfield>
  </datafield>
  <datafield tag="505" ind1="2" ind2=" ">
    <subfield code="a">Pr&#xF3;logo --</subfield>
    <subfield code="t">Introducci&#xF3;n --</subfield>
    <subfield code="g">Conferencias :</subfield>
    <subfield code="t">Aspectos de la metodolog&#xED;a de la investigaci&#xF3;n hist&#xF3;rica -- </subfield>
    <subfield code="t">Fundamentos de la utop&#xED;a Americana de Pedro Henr&#xED;quez Ure&#xF1;a --</subfield>
    <subfield code="t"> A cien a&#xF1;os de la revoluci&#xF3;n --</subfield>
    <subfield code="g">Capitulos :</subfield>
    <subfield code="t">Historiograf&#xED;a  dominicana --</subfield>
    <subfield code="t">Rebeli&#xF3;n de los capitanes: un movimiento popular en un espacio local --</subfield>
    <subfield code="t">La resistencia rural --</subfield>
    <subfield code="t">Hacia una caracterizaci&#xF3;n de la dictadura de Trujillo --</subfield>
    <subfield code="t">De la empresa individual al conglomerado corporativo: la inversi&#xF3;n extrajera en Rep&#xFA;blica Dominicana, 1880-1930 --</subfield>
    <subfield code="t">Pr&#xF3;logos --</subfield>
    <subfield code="t">El  Montero --</subfield>
    <subfield code="t">Trilog&#xED;a patri&#xF3;tica --</subfield>
    <subfield code="t">Rufinito --</subfield>
    <subfield code="t">Alma dominicana --</subfield>
    <subfield code="t">Guanuma -- .</subfield>
    <subfield code="t">La sangre, una vida bajo la tiran&#xED;a --</subfield>
    <subfield code="t">Bibliograf&#xED;a --</subfield>
    <subfield code="t">ay de los vencidos --</subfield>
    <subfield code="t">Los civilizadores --</subfield>
    <subfield code="t">Batey --</subfield>
    <subfield code="t">&#xCD;ndice onom&#xE1;stico.</subfield>
  </datafield>
  <datafield tag="590" ind1=" " ind2=" ">
    <subfield code="a">Inventariado, 2021/MFF</subfield>
  </datafield>
  <datafield tag="650" ind1=" " ind2="4">
    <subfield code="a">Novela hist&#xF3;rica dominicana</subfield>
    <subfield code="x">Critica e interpretaci&#xF3;n </subfield>
    <subfield code="9">79405</subfield>
  </datafield>
  <datafield tag="650" ind1=" " ind2="4">
    <subfield code="a">Movimientos sociales</subfield>
    <subfield code="z">Rep&#xFA;blica Dominicana</subfield>
    <subfield code="x">Historia</subfield>
    <subfield code="9">79406</subfield>
  </datafield>
  <datafield tag="651" ind1=" " ind2="4">
    <subfield code="a">Rep&#xFA;blica Dominicana</subfield>
    <subfield code="x">Historia</subfield>
    <subfield code="9">170</subfield>
  </datafield>
  <datafield tag="700" ind1="1" ind2=" ">
    <subfield code="a">Acosta, Eliades,</subfield>
    <subfield code="e">prologuista</subfield>
    <subfield code="9">77772</subfield>
    <subfield code="4">pr.</subfield>
  </datafield>
  <datafield tag="910" ind1=" " ind2=" ">
    <subfield code="a">Validado. Control de calidad MFF</subfield>
  </datafield>
  <datafield tag="942" ind1=" " ind2=" ">
    <subfield code="2">ddc</subfield>
    <subfield code="c">LBS1</subfield>
  </datafield>
  <datafield tag="952" ind1=" " ind2=" ">
    <subfield code="0">0</subfield>
    <subfield code="1">0</subfield>
    <subfield code="2">ddc</subfield>
    <subfield code="5">1</subfield>
    <subfield code="7">0</subfield>
    <subfield code="8">PD</subfield>
    <subfield code="a">BNPHU</subfield>
    <subfield code="b">BNPHU</subfield>
    <subfield code="c">HD</subfield>
    <subfield code="d">2021-01-06</subfield>
    <subfield code="e">Dep&#xF3;sito legal</subfield>
    <subfield code="l">0</subfield>
    <subfield code="o">BNPHU PD 972.93 C343m</subfield>
    <subfield code="p">2021-0175</subfield>
    <subfield code="r">2021-02-16</subfield>
    <subfield code="w">2021-02-16</subfield>
    <subfield code="y">LBS1</subfield>
  </datafield>
  <datafield tag="999" ind1=" " ind2=" ">
    <subfield code="c">49370</subfield>
    <subfield code="d">49370</subfield>
  </datafield>
</record>
